LEADER 01130nam a2200253 i 4500 001 000000170252 003 CaOOAMICUS 005 20080318000000.0 008 080318s1968 it u000 u ita u 013 $a147660 040 $aSeMil$bita 245 13$aLa vita di papa Giovanni /$cPitture a olio di Orlando Sora ; [testo introduttivo di Mario Radice]. 260 $aLecco :$bOspedale di Circolo,$cstampa 1968$e(Lecco :$fStefanoni,$gstampa 1968) 300 $a29 p. :$briccamente ill. ;$c31 cm. 500 $aIn preliminari : Dedica autografa. - Fondo Card. Giovanni Colombo. 600 04$aGiovanni XXIII .$0(OLS)http://semarc/subject/3422 700 1 $aRadice, Mario.$0(OLS)http://semarc/name/63731 700 1 $aSora, Orlando,$d<1903-1981>.$0(OLS)http://semarc/name/52224 850 $aSeMil 852 $aSeMil$W1$xVenegono$y1$m5T XI 17$j121143$B121143$CSeMilBibl$Z2$F132566 $8I 941 1 $a3 961 $aLascito: Colombo Card. Giovanni 996 $6245$aLa vita di papa Giovanni$9(OLS)http://semarc/title/243489 996 $6260$aLecco :$bOspedale di Circolo$9(OLS)http://semarc/publisher/48931 LEADER 01094nam a2200253 i 4500 001 000000198029 003 CaOOAMICUS 005 20110223000000.0 008 110223s1968 it u000 u ita u 013 $a176717 040 $aSeMil$bita 100 1 $aKeynes, John Maynard,$d<1883-1946>.$0(OLS)http://semarc/name/2172 240 10$aEssays in persuasion.$0(OLS)http://semarc/title/286031 245 10$aEsortazioni e profezie /$cJohn Maynard Keynes ; traduzione di Silvia Boba. 260 $aMilano :$bIl Saggiatore,$c1968. 300 $a285 p. ;$c21 cm. 490 0 $aLa cultura. Biblioteca di economia ;$v1 650 4$aEconomia - Teorie - Sec. 20.$0(OLS)http://semarc/subject/37128 700 1 $aBoba, Silvia.$0(OLS)http://semarc/name/54227 830 3$aLa cultura. Biblioteca di economia ;$v1.$0(OLS)http://semarc/title/34102 850 $aSeMil 852 $aSeMil$W1$xVenegono$y1$m3L II 182$j148585$B148585$CSeMilBibl$Z2$F159980 $81 996 $6245$aEsortazioni e profezie$9(OLS)http://semarc/title/286030 996 $6260$aMilano :$bIl Saggiatore$9(OLS)http://semarc/publisher/30255